Đại tướng Tổng tư lệnh Võ Nguyên Giáp = General & Commander in Chief Võ Nguyên Giáp
Giới thiệu khoảng 300 bức ảnh khái quát lại cả cuộc đời của Đại tướng Võ Nguyên Giáp suốt 100 năm qua
שמור ב:
| פורמט: | ספר |
|---|---|
| שפה: | Undetermined |
| יצא לאור: |
Hà Nội
Hồng Đức
2014
|
| נושאים: | |
| תגים: |
הוספת תג
אין תגיות, היה/י הראשונ/ה לתייג את הרשומה!
|
| Thư viện lưu trữ: | Trung tâm Học liệu Trường Đại học Cần Thơ |
|---|
| LEADER | 00843nam a2200217Ia 4500 | ||
|---|---|---|---|
| 001 | CTU_237156 | ||
| 008 | 210402s9999 xx 000 0 und d | ||
| 082 | |a 355.0092 | ||
| 082 | |b Đ103 | ||
| 245 | 0 | |a Đại tướng Tổng tư lệnh Võ Nguyên Giáp = | |
| 245 | 0 | |b General & Commander in Chief Võ Nguyên Giáp | |
| 245 | 0 | |c Trần Mạnh Thường (Biên soạn) | |
| 260 | |a Hà Nội | ||
| 260 | |b Hồng Đức | ||
| 260 | |c 2014 | ||
| 520 | |a Giới thiệu khoảng 300 bức ảnh khái quát lại cả cuộc đời của Đại tướng Võ Nguyên Giáp suốt 100 năm qua | ||
| 650 | |a Đại tướng,Generals | ||
| 650 | |x Tiểu sử,Biography | ||
| 650 | |z Việt Nam,Vietnam | ||
| 910 | |b nthai | ||
| 980 | |a Trung tâm Học liệu Trường Đại học Cần Thơ | ||